[Event "WchT 8th"]
[Site "Ningbo"]
[Date "2011.07.19"]
[Round "3.2"]
[White "Onischuk, Alexander"]
[Black "Amin, Bassem"]
[Result "1-0"]
[WhiteElo "2675"]
[BlackElo "2609"]
[Annotator "Krasenkow,M"]
[PlyCount "67"]
[EventDate "2011.07.17"]
[EventType "team-tourn"]
[EventRounds "9"]
[EventCountry "CHN"]
[SourceTitle "CBM 144"]
[Source "ChessBase"]
[SourceDate "2011.09.16"]
[SourceVersion "1"]
[SourceVersionDate "2011.09.16"]
[SourceQuality "1"]
[WhiteTeam "US of America"]
[BlackTeam "Egypt"]
[WhiteTeamCountry "USA"]
[BlackTeamCountry "EGY"]

1. d4 Nf6 2. c4 e6 3. Nc3 Bb4 4. e3 c5 5. Nge2 b6 6. a3 Ba5 7. Rb1 Na6 8. d5 {
This straightforward move is rarely tried in this position. White usually
keeps the tension in the centre by playing} (8. Bd2) (8. Qa4) (8. Ng3) (8. g3)
({or} 8. f3) 8... exd5 (8... Ne4 $6 9. Bd2 Nxd2 10. Qxd2 O-O 11. g3 exd5 12.
Bg2 Rb8 13. Bxd5 $14 {1-0 Budnikov,O (2398)-Pavlov,S (2524)/Odessa 2010/CBM
138 Extra (65)}) ({but two other normal moves are quite satisfactory for Black:
} 8... Bb7 9. Bd2 (9. g3 {leads to the 8.g3 line}) 9... O-O 10. Nf4 Bxc3 11.
Bxc3 Ne4 12. Qc2 Nxc3 13. Qxc3 Nc7 14. Rd1 d6 15. Be2 e5 16. Nd3 b5 17. b3 a5
$132 {0-1 Jelling,E (2420)-Nielsen,P (2475)/Denmark 1995/EXT 1999 (58)}) (8...
O-O $5 9. Bd2 (9. g3 $6 exd5 10. Bg2 d6 {[%cal Yc8f5]} 11. Qc2 Rb8 12. cxd5 b5
13. O-O b4 14. Ne4 Nxd5 $15 {1/2 Gual Pascual,A (2340)-Campos Moreno,J (2450)/
Barcelona 1993/EXT 1997 (32)}) 9... d6 (9... Qe7 10. g3 exd5 11. Bg2 Bxc3 12.
Nxc3 Nc7 13. cxd5 Ba6 14. d6 Qxd6 15. Bxa8 Rxa8 $44 {1-0 Schweda,R (2420)
-Hoelzl,F (2356)/Austria 2009/EXT 2010 (40)}) 10. Ng3 Bxc3 11. Bxc3 exd5 12.
Bxf6 Qxf6 13. Qxd5 Nc7 14. Qc6 Qe7 15. Rd1 Rd8 $11 {0-1 Zoebisch,H (2145)
-Palac,M (2582)/Graz 2009/CBM 132 Extra (29)}) 9. cxd5 O-O 10. Ng3 (10. Bd2 d6
11. Ng3 Bxc3 12. Bxc3 Nc7 13. Bxf6 Qxf6 14. Be2 Qe5 15. e4 f5 $36 {0-1 Myc,M 
(2350)-Prokopchuk,E (2475)/Koszalin 1997/CBM 059 ext (30)}) 10... Bb7 11. Bxa6
Bxc3+ 12. bxc3 Bxa6 13. f3 d6 $6 {Probably too standard!} (13... Ne8 $142 $1
14. e4 Qh4 {with an excellent position. If} 15. Be3 {then} f5 $1 $40) 14. e4
Nd7 15. Bf4 Ne5 $2 {A positional error. In the resulting structure Black can't
successfully blockade White's d5-pawn as he has no knight (and White has!).} (
15... Qf6 $142 16. Qd2 Ne5 17. Bxe5 Qxe5 18. Kf2 Rae8 19. Rhe1 Bc8 20. Kg1 Bd7
{although White keeps the initiative here, too (idea f3-f4 and e4-e5!)}) 16.
Bxe5 dxe5 17. Kf2 g6 18. Re1 Qd6 19. Qd2 Rad8 20. Rbd1 Qe7 21. Qa2 h5 $6 {
Just a weakening move.} 22. c4 Qh4 23. Kg1 Rd6 24. a4 Qf4 25. Nf1 h4 26. h3 Qg5
27. Qd2 Qd8 $6 ({The exchange of queens -} 27... Qxd2 28. Nxd2 {- was more
stubborn but White's initiative on both sides (f3-f4 or a4-a5) made Black's
defensive task very difficult.}) 28. f4 $1 {[%mdl 32] The triumph of White's
strategy!} Re8 (28... Qf6 29. fxe5 Qxe5 30. Nh2) 29. Nh2 f6 30. fxe5 fxe5 31.
Rc1 Rf8 32. Ng4 Qe7 33. Rf1 Rdd8 (33... Rxf1+ 34. Rxf1 Bxc4 35. Nh6+ $18) (
33... Bc8 34. Rxf8+ Kxf8 35. Rf1+ Ke8 36. Qh6 Bxg4 37. Qh8+ Kd7 38. hxg4 Kc7
39. Qa8 $18) 34. Qh6 1-0

[Event "EU-ch 2nd"]
[Site "Ohrid"]
[Date "2001.06.01"]
[Round "1"]
[White "Lautier, Joel"]
[Black "Cvitan, Ognjen"]
[Result "1-0"]
[WhiteElo "2658"]
[BlackElo "2526"]
[Annotator "Lautier,J"]
[PlyCount "129"]
[EventDate "2001.06.01"]
[EventType "swiss"]
[EventRounds "13"]
[EventCountry "YUG"]
[SourceTitle "CBM 084"]
[Source "ChessBase"]
[SourceDate "2001.09.13"]
[SourceVersion "1"]
[SourceVersionDate "2001.09.13"]
[SourceQuality "1"]

1. d4 Nf6 2. c4 e6 3. Nc3 Bb4 4. e3 c5 5. Nge2 cxd4 6. exd4 O-O 7. a3 Be7 8.
Nf4 d6 9. Be3 Nbd7 10. Be2 Re8 $6 {/\ Nf8-g6} (10... e5 11. Nfd5 Nxd5 12. Nxd5
Nf6 13. Nxe7+ Qxe7 14. O-O Bf5 15. b4 Rfe8 16. dxe5 dxe5 17. h3 h6 18. Qb3 Qe6
19. Rfd1 b6 20. a4 $14 {1-0 Lautier,J-Timman,J/Dordrecht blitz 2001 (33)}) 11.
O-O Nf8 12. b4 (12. Bf3 Rb8 (12... Ng6 13. Nxg6 hxg6 14. b4 {- game}) 13. b4
$14) 12... Ng6 (12... b6 13. Qb3 (13. Bf3 Rb8 14. Nb5 Qd7 (14... Bd7 $2 15.
Nxa7 Qc7 16. Nb5 Qxc4 17. Be2 Qc8 18. Rc1 $18) 15. a4 a6 16. Nc3 Bb7 $14) 13...
Bb7 14. a4 a5 15. bxa5 Rxa5 16. d5 N6d7 17. Rab1 $14) 13. Nxg6 hxg6 14. Bf3 $1
(14. Qb3 b6 $14) (14. c5 Bd7) 14... Rb8 15. d5 (15. c5 Bd7 16. Bf4 Bc6 17. Bxc6
bxc6 18. Qa4 Qd7 19. cxd6 Bxd6 20. Bxd6 Qxd6 21. Qxa7 Ng4 22. g3 e5 $132) 15...
a6 (15... b6 16. Nb5 exd5 (16... a6 17. Nd4 $16) (16... Qd7 17. dxe6 fxe6 18.
Qd3 $16) 17. Nxa7 $16) 16. Rc1 Bd7 $2 (16... b6 17. dxe6 (17. Qd3 e5) 17...
Bxe6 18. Nd5 (18. Qd4 Nd7) 18... Nxd5 19. Bxd5 Qd7 $14 (19... Bf6 20. Bxe6 Rxe6
21. Qd5 $14)) 17. c5 $1 $16 exd5 18. Nxd5 Nxd5 (18... dxc5 19. Bf4 $16) 19.
Bxd5 dxc5 20. Qb3 (20. Bf4 Ra8 (20... Bb5 21. Qb3 Rf8 {->> 20.Qb3} (21... c4
22. Qf3 $18)) 21. Qb3 Rf8 {->> 20.Qb3}) (20. Qf3 $5 Bf6 21. Bf4 cxb4 (21... Bb5
22. Rfe1 Rxe1+ 23. Rxe1 Ra8 24. Bxb7 Ra7 25. bxc5 $18) 22. Bxb8 Qxb8 23. axb4
$16) 20... Rf8 21. Bf4 Ra8 (21... cxb4 22. Bxb8 Qxb8 23. axb4 $16) 22. Bxb7 Be6
(22... Ra7 23. bxc5 $18) 23. Qf3 cxb4 24. axb4 (24. Rfd1 $5 Qe8 (24... bxa3 25.
Rxd8 Raxd8 26. Be5 $18) 25. Bc6 Qc8 26. Ba4 Bc5 27. h3 $1 (27. axb4 Bg4 28.
Rxc5 Bxf3 29. Rxc8 Bxd1 30. Rxf8+ Rxf8 31. Bxd1 Rd8 32. Be2 Rd4 33. g3 Rxb4 34.
Bxa6 $16) 27... bxa3 (27... b3 28. Be3 b2 29. Rxc5 $18) 28. Bd6 Bxd6 29. Rxc8
Raxc8 30. Rxd6 Rc1+ 31. Rd1 Rxd1+ 32. Qxd1 a2 $16) 24... Ra7 (24... Bxb4 25.
Rfd1 Qe8 26. Bc6 Qc8 27. Ba4 Bc5 28. Rd2 $1 $18 (28. h3 Ra7 29. Bd6 Rc7 $16))
25. Be3 Qb8 (25... Bg4 26. Qc6 Bd7 27. Qd5 $18) 26. Bxa7 Qxa7 27. Qc6 $18 Bxb4
28. Bxa6 Qa8 29. Rfd1 Be7 30. h3 Qxc6 31. Rxc6 g5 32. Bc4 Bxc4 33. Rxc4 g6 34.
Rd7 Bf6 35. Rdc7 Kg7 36. Rc8 Rxc8 37. Rxc8 Bd4 38. Rc4 Be5 39. Rc6 Kf8 40. Kf1
Ke7 41. Ke2 Kf8 42. Rc5 Bf6 43. Rc7 Be5 44. Rb7 Kg7 45. Kd3 Bd6 46. Kd4 Bf4 47.
Kd5 Kf6 48. g3 Bd2 49. Kd6 Be1 50. Rb1 Bc3 51. Rb3 Be5+ 52. Kd7 Kg7 53. Rb7 $1
Kf8 54. g4 Bd4 55. f3 Be5 56. Rb5 Bf4 57. Rc5 Bd2 58. Rc8+ Kg7 59. Ke8 f5 60.
Rc7+ Kf6 (60... Kg8 61. Ke7 (61. gxf5 gxf5 62. Rc5 g4 63. hxg4 fxg4 64. fxg4
$18) 61... fxg4 62. fxg4 Bf4 63. Rd7 Kg7 64. Ke6+ $18) 61. Kf8 Ke5 62. Kf7 Kf4
63. Kxg6 fxg4 64. fxg4 Kg3 65. Rh7 1-0

[Event "Ubeda"]
[Site "Ubeda"]
[Date "1997.02.16"]
[Round "7"]
[White "Lautier, Joel"]
[Black "Beliavsky, Alexander G"]
[Result "1-0"]
[WhiteElo "2630"]
[BlackElo "2665"]
[Annotator "Lautier,J"]
[PlyCount "67"]
[EventDate "1997.02.07"]
[EventType "tourn"]
[EventRounds "11"]
[EventCountry "ESP"]
[EventCategory "16"]
[SourceTitle "CBM 058"]
[Source "ChessBase"]
[SourceDate "1997.06.01"]
[SourceVersion "1"]
[SourceVersionDate "1997.06.01"]
[SourceQuality "1"]

1. d4 {Psakhis} Nf6 2. c4 e6 3. Nc3 Bb4 4. e3 c5 5. Nge2 b6 6. a3 Ba5 7. Rb1
Na6 8. Bd2 (8. Ng3 $6 Bb7 9. Bd3 Bxc3+ 10. bxc3 Bxg2 11. Rg1 Bb7 12. e4 d6 13.
Nh5 Nxh5 14. Qxh5 Qf6 15. Rg3 e5 16. d5 h6 $15 {Kortschnoj-Timman, Ubeda 1997})
8... O-O 9. Ng3 Bb7 10. Bd3 d5 (10... cxd4 $6 11. exd4 Bxc3 12. bxc3 d5 13. c5
$1 $36 (13. c5 $5 {Psakhis} Nb8 14. Bg5 Nbd7 15. Bb5 Qc7 16. Bxd7 Nxd7 17. Be7
Rfe8 18. Bd6 Qd8 19. O-O Bc6 20. f4 $36 {1/2-1/2 Knaak,R-Gabriel,C/Altensteig
I 1993 (50)})) (10... Bxg2 $6 11. Rg1 Bb7 12. d5 $36 {Rechlis}) 11. cxd5 (11.
O-O {Psakhis} cxd4 12. exd4 Bxc3 13. bxc3 dxc4 14. Bxc4 Rc8 15. Qe2 Nb8 16. Bd3
Re8 17. Rfe1 Nbd7 $11 {0-1 Edzgveradze,N-Zhu Chen/Kishinev izt w 1995 (43)})
11... cxd4 12. exd4 Bxc3 13. bxc3 Qxd5 14. Qe2 $1 (14. f3 $2 Nc5 $1 (14... e5 {
Psakhis} 15. Be4 (15. Rb5 Nc5 $1 16. Bxh7+ Nxh7 17. dxc5 Bc6) (15. Ne4 Nxe4 16.
Bxe4 Qd7) 15... Nxe4 16. fxe4 Qd8 17. O-O exd4 18. Qg4 Bc8 19. Nf5 Bxf5 20.
exf5 Qd7 $11 {0-1 Mamedova,R-Zhu,C/Asia t-ch Singapore 1995 (32)})) 14... Nc7 (
14... Nb8 $6 15. f3 Nbd7 16. O-O e5 17. Nf5 Rfe8 18. c4 Qc6 19. d5 $16) ({
I suppose better was to play} 14... Nb8 $5 {[%cal Gb8d7] Psakhis}) 15. f3 e5 {
Beggining of big complications. Deserves attention also} (15... Qa5 $6 16. c4
Qxa3 17. Bb4) (15... Qd6 16. Ne4 Nxe4 17. fxe4 e5 (17... Qxa3 18. e5 $44) 18.
d5 Qxa3 19. O-O Qd6 20. Rb3 $1 $44 {/\ Bc1-a3} (20. c4 Na6) 20... f5 (20... a5
21. c4 $16) 21. c4 $16) (15... Qa2 $5 {Psakhis with possible continuations} 16.
c4 Rfe8 17. Bf4 Qxe2+ 18. Nxe2 (18. Kxe2 e5 19. dxe5 Nd7 20. Be4 Bxe4 21. Nxe4
Nxe5 22. Rhd1 Na6 $11) 18... Rac8 19. Kd2 $14) 16. Bc4 (16. dxe5 $6 Rfe8 17. f4
Rad8 $36) (16. Nf5 {Psakhis} Rfe8) 16... Qc6 (16... Qa5 {Psakhis} 17. dxe5 Rfe8
18. f4 Qxa3 19. O-O $14) 17. dxe5 Rfe8 18. f4 Rad8 (18... Qxg2 $6 19. Qxg2 Bxg2
20. Rg1 Bd5 (20... Bh3 {Psakhis and Black's position just slightly worse.}) 21.
Bxd5 Ncxd5 (21... Nfxd5 22. Nh5 g6 23. c4 $18) 22. c4 Nc7 23. Bb4 {/\ Nf5-e7}
Kh8 (23... Nd7 $2 24. Nh5 g6 25. Rd1 $18) 24. Rd1 $16) 19. O-O Ng4 $2 (19...
Qxg2+ 20. Qxg2 Bxg2 21. Kxg2 (21. Rf2 Ne4 22. Nxe4 Bxe4 23. Re1 Bd5 $11) (21.
Rfd1 {Psakhis} Ne4 22. Be3 Bf3 23. Rxd8 Rxd8 24. Rf1 Nxg3 25. hxg3 Bc6 $11) (
21. exf6 {Psakhis} Rxd2 22. Rf2 Rxf2 23. Kxf2 Bd5 $11) 21... Rxd2+ 22. Kh3 Nfd5
23. Ne4 Rc2 24. Rf3 $14 {/\ Td1}) (19... Ne4 20. Nxe4 Qxe4 21. Rbd1 (21. Rbe1
Qxg2+ 22. Qxg2 Bxg2 $11) (21. Qxe4 Bxe4 22. Rb2 Bd3 23. Bxd3 Rxd3 $14) 21...
Qc6 $14) 20. Rb2 $1 $16 (20. Bc1 $5 {Psakhis}) 20... Qc5+ (20... b5 21. Ba2
Qc5+ 22. Kh1 Qxa3 23. Bc1 $16) 21. Kh1 Rxd2 22. Rxd2 Ne3 23. Bxf7+ Kxf7 24.
Rd7+ Kf8 (24... Re7 $2 25. Rxe7+ Kxe7 26. Qxe3 Qxe3 27. Nf5+ $18) (24... Kg8
25. Rg1 Ba8 (25... Rc8 26. Nh5 $18) (25... Nc4 26. Qh5 Re7 27. Rd8+ $18) 26.
Rxc7 Nxg2 27. Qa2+ $1 Kh8 (27... Qd5 28. Qxd5+ Bxd5 29. Rxg2 $18) 28. Rxc5
Nxf4+ 29. Rg2 Bxg2+ 30. Kg1 bxc5 31. Qf7 $18) (24... Kg8 $5 {Psakhis}) 25. Rg1
$6 (25. Rf2 $1 Nc4 (25... Ba8 26. Rxc7 $18) (25... Rc8 26. Qh5 $18) 26. Nh5 (
26. Nf5 $2 Bc8 (26... g6 27. Rxh7 gxf5 28. Qh5 $18) 27. Qg4 Ne6 $17) 26... Re7
27. Rxe7 Kxe7 28. Nxg7 $16) 25... Nxg2 $2 {What else?} (25... Rc8 $2 26. Qh5
$18) (25... Nc4 $2 26. Qd3 (26. Nf5 Bc8 (26... g6 27. Rxh7 gxf5 28. Qh5 $18)
27. Qg4 $16) 26... Re7 27. Rxe7 Kxe7 28. Nf5+ Kf8 29. Qd7 $18) (25... Ba8 $1
26. Qh5 $1 (26. Rxc7 Nxg2 27. Rxc5 Nxf4+ 28. Qe4 (28. Ne4 $2 Nxe2 29. Rf1+ Kg8
30. Rc4 b5 $19) 28... bxc5 (28... Bxe4+ $2 29. Nxe4 bxc5 30. Rf1 $18) 29. Rf1
g5 30. Qxa8 (30. h4 Bxe4+ 31. Nxe4 Kg7 32. Nxg5 Ne2 33. Rf7+ Kg6 34. Rxh7 Rxe5
35. Rxa7 Nxc3 $14) 30... Rxa8 31. Ne4 h6 32. h4 (32. Nxc5 Rc8 33. Ne6+ Ke7 $11)
32... Ke7 $14) 26... Re7 27. Rxe7 Qxe7 28. Qxh7 Qf7 29. Qd3 $36) (25... Qxc3 {
Psakhis} 26. Rxc7 (26. Rd3 $2 Bxg2+ 27. Rxg2 Qc1+ 28. Rg1 Qc6+ 29. Rg2 Qc1+ $11
) 26... Qxc7 27. Qxe3 $16) (25... Ned5 {Psakhis} 26. Ne4 $1 Qc6 (26... Qxa3 27.
Nd6 Bc6 28. Qh5 $1 Re7 29. Rd8+ Ne8 30. Qxh7 $18) 27. Qg4 Re7 (27... Qg6 28.
Qxg6 hxg6 29. Nd6 Bc6 30. Rf7+ Kg8 31. c4 $18) 28. Rxe7 Nxe7 29. Nd6 $18 {
even worse.}) 26. Rxg2 Qc6 (26... Bxg2+ 27. Qxg2 Qxc3 28. Rxg7 $18 (28. Ne2 {
Psakhis} Qe1+ 29. Ng1 Ne6 30. f5 $18)) (26... Qxc3 {Psakhis} 27. Rxg7 $1 Qc1+
28. Nf1) 27. Qd2 Ne6 28. Nh5 $1 $18 (28. Rxb7 {Psakhis} Qxb7 29. f5 Rd8 30. Qf2
Rd1+ 31. Nf1 Ng5 32. f6 g6 $1 $132 {[%cal Rb7f3]}) 28... Ba8 (28... Qxg2+ 29.
Qxg2 Bxg2+ 30. Kxg2 g6 (30... Re7 {Psakhis} 31. Rxe7 Kxe7 32. f5 $18) 31. Nf6
Nxf4+ (31... Re7 32. Nxh7+ $18) 32. Kf3 Rxe5 33. Nxh7+ Ke8 34. Nf6+ Kf8 35. Rd4
$1 $18 {/\ Nd7}) (28... Re7 29. Rxb7 Rxb7 30. f5 Rd7 31. Qe2 Nc5 32. e6 $18)
29. Kg1 (29. Rxa7 {Psakhis} Rd8 30. Rxa8 Qxa8 31. Qe2 g6 32. f5 gxf5 33. Qf1)
29... Qc5+ 30. Rf2 Kg8 31. Ng3 Qb5 (31... Qxa3 {Psakhis} 32. f5) 32. f5 Nc5 33.
Rxa7 Nd3 34. f6 (34. f6 {Psakhis} Nxe5 35. f7+) 1-0

[Event "Sigeman & Co 06th"]
[Site "Malmo"]
[Date "1998.06.14"]
[Round "6"]
[White "Lautier, Joel"]
[Black "Andersson, Ulf"]
[Result "1-0"]
[WhiteElo "2645"]
[BlackElo "2635"]
[Annotator "Lautier,J"]
[PlyCount "80"]
[EventDate "1998.06.09"]
[EventType "tourn"]
[EventRounds "9"]
[EventCountry "SWE"]
[EventCategory "13"]
[SourceTitle "CBM 066"]
[Source "ChessBase"]
[SourceDate "1998.09.30"]
[SourceVersion "1"]
[SourceVersionDate "1998.09.30"]
[SourceQuality "1"]

1. d4 Nf6 2. c4 e6 3. Nc3 Bb4 4. e3 c5 5. Nge2 cxd4 6. exd4 O-O 7. a3 Be7 8. d5
exd5 9. cxd5 d6 10. Nd4 Re8 11. Be2 Nbd7 12. O-O a6 13. Nf5 (13. Bg5 $2 Nxd5) (
13. h3 $142 Bf8 14. Bg5 Ne5 (14... g6 15. Rc1 Bg7 $14) 15. f4 $5 (15. Ne4 Be7
$11) 15... Ned7 16. Kh1 $14) 13... Bf8 14. Qc2 Ne5 (14... Nc5 $5 15. Bf4 (15.
Bg5 Re5 $1 $15) (15. Be3 Re5 $1 $15) (15. Bf3 Bxf5 16. Qxf5 Nb3 17. Rb1 Nd4 18.
Qd3 Nxf3+ 19. Qxf3 Rc8 $11) 15... Nce4 (15... Nxd5 16. Nh6+ gxh6 17. Nxd5 Be6
18. Rad1 $44) 16. Ne3 Bd7 $11) 15. Bg5 Bd7 {/\ Rc8, b5} 16. Ne3 (16. a4 {>< b5}
Rc8 17. Ne3 h6 18. Bh4 Ng6 19. Bg3 Ne4 $11) 16... Ng6 (16... b5 $2 17. Ne4 $16)
(16... Rc8 {/\ h6, Ng6, Ne4} 17. Qb3 $14 {/\ Qb7, /\ Ne4}) (16... h6 17. Bh4
Ng6 18. Bg3 Rc8 19. Qb3 b5 20. a4 bxa4 21. Nxa4 Rb8 22. Qc2 a5 23. Nc3 $14) 17.
h4 $5 (17. Bd3 h6 18. Bxg6 fxg6 19. Bh4 g5 20. Bg3 Nh5 $11) 17... Be7 (17... h6
18. h5 Ne5 19. Bh4 $14 (19. Bxf6 $6 Qxf6 20. f4 Ng6 $1 21. hxg6 Rxe3 $15)) 18.
h5 (18. Nf5 $6 Nxd5 (18... Bxf5 19. Qxf5 Nd7 $15) 19. Nxd6 Bxg5 20. Nxe8 Ne3 $1
$15) 18... Ne5 19. Nf5 (19. h6 g6 $11 {/\ Nfg4} (19... Nxd5 $2 20. Nexd5 (20.
Bxe7 $2 Nxe3 21. fxe3 Qxe7 $17) 20... Bxg5 21. f4 Bxh6 22. fxe5 dxe5 23. Bd3
$16)) 19... Bxf5 20. Qxf5 Rc8 (20... Nxd5 $2 21. Nxd5 Bxg5 22. f4 Nc6 23. Bd3
$18) (20... g6 21. hxg6 hxg6 22. Qh3 Nxd5 $2 23. Nxd5 Bxg5 24. f4 Nd7 25. fxg5
Rxe2 26. Qxd7 $18) (20... Qc8 $5 21. Qxc8 (21. Qf4 h6 (21... Qd8 $5 $11) 22.
Bh4 Nh7 23. Bxe7 Rxe7 24. Ne4 Qc2 (24... Qd7 25. Rac1 $14) 25. Rae1 Rd8 $11)
21... Raxc8 $11) 21. Rad1 Qd7 22. Qf4 h6 (22... Qd8 $1 $11) 23. Bh4 b5 $6 (
23... Nh7 24. Bg3 $14) 24. Rd4 $1 {/\ a4} (24. a4 bxa4 25. Bxa6 Rb8 $11) 24...
Nh7 25. Bxe7 Qxe7 26. a4 $1 bxa4 27. Rxa4 $36 Nf6 28. Rxa6 Qb7 (28... Rc5 $142
$5 {/\ Rb8}) 29. Qd2 Rb8 30. Rb1 $6 (30. Rxd6 $1 Qxb2 31. Qxb2 Rxb2 32. f4 $1
Neg4 33. Bf3 Rc2 34. Nb5 Ne3 35. Re1 $16) 30... Qb4 31. Ra4 Qb3 32. Bd1 (32.
Ra3 Nc4 $1 $14) 32... Qb6 33. Rf4 {/\ Rf6} (33. Ne4 Ned7 $1 (33... Nxe4 34.
Rxe4 $16 {/\ b4}) 34. Nxf6+ Nxf6 35. Rd4 (35. Bf3 Qb3 $132) 35... Ne4 $132)
33... Ned7 34. b4 Re5 $14 35. Rc4 Qd8 $2 $138 (35... Rbe8 $14) 36. Rc6 $2 $138
(36. f4 $1 Re8 (36... Rf5 $2 37. g4 $18) (36... Qb6+ 37. Kh2 $16 {/\ Rc6}) 37.
Rc6 Rb6 38. Bf3 $16) 36... Qe7 37. Bf3 Rf5 $1 $132 {/\ Ne5} 38. Ra6 (38. Rc7
Qd8 39. Ra7 Ne5 40. Bd1 Qb6 $132) 38... Ne5 39. Be2 Ned7 40. b5 $2 (40. Qd4 Re5
$14) (40. Ra7 Qe5 $14 (40... Qd8 41. Qd4 Qb6 42. Qxb6 Nxb6 43. Bf3 Nbxd5 44.
Nxd5 Nxd5 45. Ra5 Ne7 46. Re1 Kf8 47. Ra7 Re5 48. Rxe5 dxe5 49. b5 $16)) 40...
Nc5 $138 {Black lost on time when playing his 40th move.} (40... Nc5 41. Rc6 (
41. Qc2 Re5 42. Rc6 Nxh5 43. Rb4 Nf6 44. Rd4 Nfd7 $11) 41... Rxf2 $1 (41...
Nce4 $2 42. Nxe4 Nxe4 43. Qe3 Rxf2 44. Bf3 $18) 42. Rxc5 Rxe2 43. Qxe2 Qxe2 44.
Nxe2 dxc5 45. Nc3 Kf8 $11) 1-0

[Event "Belgrade Investbank"]
[Site "Belgrade"]
[Date "1997.11.15"]
[Round "4"]
[White "Lautier, Joel"]
[Black "Beliavsky, Alexander G"]
[Result "1-0"]
[WhiteElo "2660"]
[BlackElo "2710"]
[Annotator "Lautier,J"]
[PlyCount "69"]
[EventDate "1997.11.11"]
[EventType "tourn"]
[EventRounds "9"]
[EventCountry "YUG"]
[EventCategory "18"]
[SourceTitle "CBM 062"]
[Source "ChessBase"]
[SourceDate "1998.01.31"]
[SourceVersion "1"]
[SourceVersionDate "1998.01.31"]
[SourceQuality "1"]

1. d4 Nf6 2. c4 e6 3. Nc3 Bb4 4. e3 c5 5. Nge2 b6 {As expected, Beliavsky
sticks to his principles and repeats the line he had already employed against
me in Ubeda this year.} 6. a3 Ba5 7. Rb1 Na6 8. Qa4 {I am the first to deviate.
The text-move has not been very much played, but it proves quite irksome for
Black. The present threat is 9.b4.} ({Our previous meeting had gone} 8. Bd2)
8... Bb7 9. Bd2 {A logical follow-up, though surprisingly unpopular, by which
White simply renews the abovementioned threat.} ({The last Black move was
indirectly preventing the b4-threat, as} 9. b4 $2 Bc6 $1 10. b5 Be4 {gives
Black the better game.}) 9... Qe7 {My opponent committed here a gruesome
mistake: he used up a whole 50 minutes on this standard reply.} (9... Bc6 {
is known, but it is hardly superior to the text move, since after} 10. Qc2 O-O
11. Ng3 {followed by d5, White occupies the center with gain of time.}) 10. Ng3
Bxc3 $6 {It wasn't necessary to yield the bishop pair so soon.} (10... O-O {
was better}) 11. Bxc3 cxd4 $6 {After surrendering the two bishops, my opponent
opens up the game and strengthens my center. As sometimes happens, a long
think in the opening is followed by unsound strategical decisions, as the
player feels somewhat compelled to justify his investment of time by some
unusual play.} (11... O-O 12. Bd3 {was the normal continuation, with a slight
edge for White.}) 12. exd4 O-O ({If Black tries to impede White's development
by making the pressure on g2 effective and thus retreats his a6-N, he has to
reckon with} 12... Nc7 13. Bb4 $1 Bc6 14. Bxe7 Bxa4 15. Bd6 $16 {with a clear
advantage.}) 13. Bd3 {Since Black was not in time to remove his offside knight
from the attack of the enemy queen, White is able to develop normally.} Nc7 14.
O-O {The opening concludes with a clearly superior game for White. Apart from
the positional trumps already listed, or rather thanks to them, he is about to
start a powerful attack on the center and the kingside by Rae1, Qc2, d4-d5 or
f2-f4-f5. Not willing to undergo such a formidable offensive, Beliavsky
jettisons a pawn in order to get his share of activity, and rightly so.} b5 (
14... d5 {would be the right move if not for a tactical drawback} 15. Bb4 Qe8
16. Qb3 $1 {is much stronger} (16. Qc2 {yields only a slight edge after} Qc6
17. Bxf8 dxc4 18. f3 cxd3 19. Qxc6 Bxc6 20. Rbc1 Ba4 21. Bb4 $14 (21. Rxc7 d2
$11)) 16... Qc6 17. cxd5 Ncxd5 18. Bxf8 Ne3 (18... Rxf8 19. Rbc1 $18) 19. d5 $1
$18 {wins neatly}) ({Black can't afford preparing ...d7-d5 either by} 14...
Rfd8 {as White is faster} 15. d5 $1 d6 (15... exd5 $2 16. Nf5 Qf8 17. Bxf6 gxf6
18. cxd5 Nxd5 19. Qh4 $18 {wins}) 16. Qc2 {with a devastating initiative}) 15.
cxb5 Ncd5 16. Bd2 Qd6 {Black bases his counterplay on two main ideas: the
sally of the d5-N to f4 and the Benko-style push a7-a6.} 17. Rfc1 {Frees the
f1-square for the B.} h5 {A good resource that intends the disrupting ...h4-h3}
(17... a6 {was possible, but White keeps the upper hand with} 18. bxa6 Bxa6 19.
Bxa6 Rxa6 20. Qc4 Rb8 (20... Rfa8 21. Qc5 $16) 21. a4 $16 {followed by a5.})
18. Qb3 $1 {The most precise as the following variations demonstrate} Rfb8 (
18... Nf4 19. Bb4 Qxd4 20. Rd1 $1 {/\ Bh7} (20. Bxf8 $2 Nxd3 {[%csl Rf2] hits
f2}) 20... Bd5 21. Qc2 $1 Rfc8 22. Bh7+ Nxh7 23. Qxc8+ Rxc8 24. Rxd4 $18 {wins}
) (18... h4 19. Ne4 Nxe4 20. Bxe4 f5 21. Bxd5 $1 Bxd5 (21... Qxd5 22. Qxd5 Bxd5
23. Rc7 $16) 22. Qh3 $16 {and in both cases, White is clearly better}) 19. Bg5
$1 a6 20. Qd1 {Forcing new weaknesses in Black's camp} g6 21. a4 {Stronger
than taking on a6, as the b5-P is a muzzle to Black's queenside.} axb5 22. axb5
Qb6 23. Ne2 Nh7 24. Bd2 Nhf6 25. h3 {An important prophylactic measure against
the potential threat of Qd6 and Ng4.} Qd6 26. Ra1 Qf8 {Short of time and
options, Black can only wait} (26... Nb4 {is a blank shot} 27. Bc4 (27. Bf4 $2
Qd5) 27... Bd5 $2 28. Bf4 $18) 27. Nc3 {Inexorably, White marches on. The next
step is to install the N on c5.} Nb4 28. Bf1 Qd6 29. Na4 Ne4 (29... Qxd4 {
loses a piece to} 30. Rc4 $18) 30. Nc5 Rxa1 31. Rxa1 Qxd4 $2 {A tactical
blunder in severe time-pressure} (31... Nxc5 $2 32. Bxb4 $18 {was not better})
(31... Nxd2 {was the only move to keep playing, although after} 32. Qxd2 Nd5
33. Ra7 Qb6 34. Ra3 Qd6 35. Nd3 $1 {intending Ne5 and Rg3, Black can't hold
for long.}) 32. Nxe4 Qxe4 ({or} 32... Bxe4 33. Ra4 Bc2 34. Rxb4 Qxb4 35. Qxc2
$18) 33. Ra4 Qc2 34. Qxc2 Nxc2 35. Bd3 {Black resigned, as his knight is
doomed after} (35. Bd3 Rc8 36. Bc3 $18) 1-0